000 00905nam a2200241Ia 4500
003 OSt
005 20221006164441.0
006 a|||||r|||| 00| 0
007 ta
008 221006b |||||||| |||| 00| 0 hin d
024 _a4,334
037 _cTextual
040 _aFML
_cFML
_bhin
041 _2hin
_ahin
082 _aY744 : 1K, Q4 -; 1.9
100 _aGautam Veena Ed.
_9677508
245 0 _aBharatiya Lok Sahitya Kosh
_b Khand - 1; Bharatiya Lok Sahitya Kosh Khand - 2; Bharatiya Lok Sahitya Kosh Khand - 3; Bharatiya Lok Sahitya Kosh Khand - 4; Bharatiya Lok Sahitya Kosh Khand - 5; Bharatiya Lok Sahitya Kosh Khand - 6; Bharatiya Lok S
260 _aNew Delhi
_bSanjay Prakashan India
_c2014
300 _a4115
_ccm.
700 _a Gautam Suresh
942 _hY744 : 1K, Q4 -; 1.9
_cTEXL
_2CC
999 _c1117308
_d1117308